Dracula - Tame Impala (all lyrics) - Statistics

General Stats
  • This quiz has been taken 136 times
    17 since last reset
  • The average score is 249 of 299
Answer Stats
Answer % Correct
a
100%
are
100%
be
100%
car"
100%
Dracula
100%
feel
100%
from
100%
get
100%
I
100%
In
100%
in
100%
just
100%
Kevin
100%
light
100%
like
100%
me
100%
me?
100%
right
100%
run
100%
Run
100%
"Shut
100%
The
100%
the
100%
up
100%
wanna
100%
where
100%
you
100%
You
100%
dark
91%
end
91%
(ha-
91%
ha-
91%
ha)
91%
is
91%
makes
91%
morning
91%
night
91%
and
82%
bizarre
82%
darkness
82%
day,
82%
do
82%
don't
82%
feeling
82%
friends
82%
hope
82%
it
82%
it's
82%
It's
82%
know
82%
leave
82%
My
82%
my
82%
never
82%
over
82%
saying
82%
So
82%
still
82%
would
82%
Would
82%
almost
73%
blue
73%
Daylight
73%
dream
73%
Escobar
73%
ever
73%
far
73%
fucking
73%
has
73%
Isn't
73%
keep
73%
late,
73%
movie
73%
Oh
73%
Oh-
73%
oh-
73%
oh,
73%
oh
73%
on
73%
Pablo
73%
shadows
73%
spectacular
73%
star
73%
sunlight
73%
they
73%
time
73%
too
73%
turning
73%
about
64%
back
64%
caving
64%
come
64%
here
64%
I'm
64%
love
64%
Now
64%
now
64%
of
64%
pretty
64%
see
64%
sleep
64%
someone
64%
verge
64%
view
64%
We
64%
we
64%
yeah
64%
afar,
55%
afar
55%
But
55%
coming
55%
mean
55%
might
55%
Mr. Charisma
55%
please,
55%
think
55%
this
55%
through
55%
won't
55%
saw
45%
what
45%
both
36%
moment
36%
Cos
18%
No matching quizzes found
Score Distribution
Percent of People with Each Score
Percentile by Number Answered
Your Score History
You have not taken this quiz since the last reset